| 000 | 00823nam a22002297a 4500 | ||
|---|---|---|---|
| 005 | 20240530110600.0 | ||
| 008 | 160213s2013 ua g 000 0 ara d | ||
| 017 |
_a2012/21115 _bمصر . دار الكتب المصرية |
||
| 020 | _a9789775023292 | ||
| 040 | _aEG-CaGPL | ||
| 082 | 0 | 4 |
_221 _a213\ _bإ ر |
| 100 | 0 | _aابراهيم شلبى . | |
| 245 | 1 | 0 |
_aرسالة الى الله : _bمن مسلم فى عهد الاسلام السياسى / _cابراهيم شلبى . |
| 250 | _aط1. | ||
| 260 |
_aالقاهرة : _bدار كتابات ، _c2013 . |
||
| 300 |
_a50 ص ؛ _c20 سم . |
||
| 650 | 0 | 4 |
_aالاسلام _xالنظام السياسى فى _zمصر . |
| 650 | 0 | 4 | _aالاسلام . |
| 650 | 0 | 4 | _aالوعظ و الارشاد . |
| 942 |
_2ddc _cBK |
||
| 999 |
_c62645 _d62645 |
||